00834 a2200205 4500003000500000005001700005040000900022082001000031100003600041245009000077260003700167300001300204505022600217538002900443650001500472651001100487942000800498999001900506952010300525Nust20170207153550.0 cNust a005.1 aIqbal, Muhammad Javed (MSCS-7) aDesigning and development of a softwar for web based shoppingcMuhammad Javed Iqbal,  bMCS,NUSTcApril 2002aRawalpindi ax,51, p; aIntroduction (page-1) E-commerce (page-4) Active server pages (ASP) (page-14) Requirement analysis (page-21) Designing database (page-27) Designing front end (page-33) Security in E commerce (page-40) Conclusion (page-47) aAlmirah No 69 Shelf No 5 aPG Thesis aMSCS-7 cTHS c188823d188823 00102ddc40708NFICaMCSbMCSd2016-12-12l0o005.1 IQBpMCSTCS-156r2016-12-08w2016-12-12yBK